Documentos correspondientes al reinado de Ramiro I / (Record no. 184579)

MARC details
000 -LEADER
campo de control de longitud fija 00908nam a2200205 i 4500
001 - NÚMERO DE CONTROL
campo de control 184579
003 - IDENTIFICADOR DE NÚMERO DE CONTROL
campo de control ES-MaACL
005 - FECHA Y HORA DE LA ÚLTIMA TRANSACCIÓN
campo de control 20250924140134.0
008 - DATOS DE LONGITUD FIJA--INFORMACIÓN GENERAL
campo de control de longitud fija 151023s1904 sp |||| | spa d
245 00 - MENCIÓN DEL TÍTULO
Título Documentos correspondientes al reinado de Ramiro I /
Mención de responsabilidad, etc. transcripción, prólogo y notas de Eduardo Ibarra y Rodríguez.
260 ## - PUBLICACIÓN, DISTRIBUCIÓN, ETC.
Lugar de publicación, distribución, etc. [S.l.] :
Nombre del editor, distribuidor, etc. [s.n.],
Fecha de publicación, distribución, etc. [1904] (
Lugar de fabricación/manufactura Zaragoza :
Fabricante Tip. de Andrés Uriarte)
300 ## - DESCRIPCIÓN FÍSICA
Extensión XIV, 273 p. ;
Dimensiones 23 cm.
490 1# - MENCIÓN DE SERIE
Mención de serie Colección de documentos para el estudio de la historia de Aragón ;
Designación de volumen o secuencia 1
546 ## - NOTA DE IDIOMA
Nota de lengua/lenguaje Textos en latín; introducción en español.
651 #4 - PUNTO DE ACCESO ADICIONAL DE MATERIA--NOMBRE GEOGRÁFICO
Nombre geográfico Aragón (Reino)-
Subdivisión general Historia-
Subdivisión cronológica 1035-1063, Ramiro I-
Subdivisión de forma Fuentes.
9 (RLIN) 157996
700 1# - ENTRADA AGREGADA--NOMBRE PERSONAL
Nombre de persona Ibarra y Rodríguez, Eduardo,
Fechas asociadas al nombre 1866-1944
9 (RLIN) 64967
830 00 - PUNTO DE ACCESO ADICIONAL DE SERIE-TÍTULO UNIFORME
Título uniforme Colección de documentos para el estudio de la historia de Aragón
Designación de volumen o secuencia 1
9 (RLIN) 192177
852 ## - LOCALIZACIÓN
Ubicación ES-MaACL
Número de control de estantería C-2171
Holdings
Estatus retirado Estado de pérdida Estado de daño No para préstamo Biblioteca de origen Biblioteca actual Ubicación en estantería Fecha de adquisición Fuente de adquisición Total de préstamos Signatura topográfica completa Código de barras Visto por última vez Precio de reemplazo Tipo de ítem Koha
        Biblioteca del Ateneo de Madrid Biblioteca del Ateneo de Madrid Sala Palomar 23/10/2015     C-2171 1194328 23/02/2023 23/02/2023 Libro impreso